Paul of Tarsus. (Record no. 5151)

000 -LEADER
fixed length control field 00524nam a2200181 a 4500
001 - CONTROL NUMBER
control field :::00002892$&:&@@
003 - CONTROL NUMBER IDENTIFIER
control field OkBaRHE
005 - DATE AND TIME OF LATEST TRANSACTION
control field 20000607103258.0
008 - FIXED-LENGTH DATA ELEMENTS--GENERAL INFORMATION
fixed length control field s1900 j 000 0 eng u
040 ## - CATALOGING SOURCE
Transcribing agency
100 1# - MAIN ENTRY--PERSONAL NAME
Personal name Bird, Robert.
245 10 - TITLE STATEMENT
Title Paul of Tarsus.
260 ## - PUBLICATION, DISTRIBUTION, ETC. (IMPRINT)
Place of publication, distribution, etc New York, NY., :
Name of publisher, distributor, etc Charles Scribner's Sons
Date of publication, distribution, etc 1900
300 ## - PHYSICAL DESCRIPTION
Extent 515 p. ;
Dimensions 20 cm.
650 ## - SUBJECT ADDED ENTRY--TOPICAL TERM
Topical term or geographic name as entry element Paul, Saint, apostle
942 ## - ADDED ENTRY ELEMENTS (KOHA)
Source of classification or shelving scheme
Koha item type Books
Copies
Withdrawn status Date last seen Damaged status Date acquired Shelving location Copy number Lost status Not for loan Barcode Koha item type Price effective from Source of classification or shelving scheme Permanent Location Full call number
 2018-03-16 2010-04-14General Stacks1  2892Books2010-04-14 RHEMA Bible Training CollegeBS 2505 .B5